Miasta do których jeżdżą pociągi z Zielonej Góry - Statystyki

Ogólne statystyki
  • Ten quiz został rozwiązany 101 razy
    100 od ostatniego zresetowania
  • Średni wynik to 14 z 26
Statystyki odpowiedzi
Miasto Miasto % Poprawnych
Zielona Góra Wrocław
91%
Zielona Góra Warszawa
87%
Zielona Góra Poznań
86%
Zielona Góra Szczecin
84%
Zielona Góra Kraków
83%
Zielona Góra Gorzów Wielkopolski
78%
Zielona Góra Gdynia
68%
Zielona Góra Lublin
63%
Zielona Góra Olsztyn
58%
Zielona Góra Przemyśl
58%
Zielona Góra Świnoujście
57%
Zielona Góra Głogów
54%
Zielona Góra Berlin
53%
Zielona Góra Nowa Sól
51%
Zielona Góra Zbąszynek
49%
Zielona Góra Rzepin
47%
Zielona Góra Kostrzyn
45%
Zielona Góra Leszno
42%
Zielona Góra Żagań
42%
Zielona Góra Frankfurt/Oder
39%
Zielona Góra Guben
38%
Zielona Góra Jelenia Góra
37%
Zielona Góra Goerlitz
24%
Zielona Góra Małomice
20%
Zielona Góra Cottbus
14%
Zielona Góra Łagów
8%
Nie znaleziono quizów pasujących do podanych kryteriów
Rozkład punktacji
Procent ludzi z każdym wynikiem
Percentyl według liczby udzielonych odpowiedzi
Twoja historia wyników
Nie rozwiązałeś tego quizu od ostatniego zresetowania